| 000 | 01078nam a2200289 a 4500 | ||
|---|---|---|---|
| 001 | BRL_1563 | ||
| 005 | 20190320211249.0 | ||
| 008 | 110314s1998----be-ao#####---#000-0#fre-# | ||
| 020 | _a2804600106 | ||
| 041 | _afre | ||
| 044 | _abe | ||
| 050 | 4 |
_aGT4242 _b.R48 1998 |
|
| 100 | 1 |
_aRevelard, Michel _927286 |
|
| 245 | 1 | 0 |
_aLes livre des masques _bmasques et costumes dans les fétes et carnavals traditionnels en Europe Collections du musée international du Carnaval et du Masque (Binche) _cMichel Revelard [y] Guergana Kostadinova. |
| 260 |
_aTournai, Belgique _bLa Renaissance du Livre _c1998 |
||
| 300 |
_a160 p. _bil., fotografía (a color) _c19 cm. |
||
| 440 | 0 |
_aLes Compacts de la découverte _927287 |
|
| 500 | _aAu1805 | ||
| 504 | _aBibliografía: p. 87-88 | ||
| 610 | 2 | 4 |
_aMusée International du Carnaval et du Masque _927288 |
| 650 | 1 | 4 |
_aCarnaval _zEuropa _927289 |
| 650 | 1 | 4 |
_aMáscaras _zEuropa _926970 |
| 700 | 1 |
_aKotadinova, Guergana _ecoaut. _927290 |
|
| 710 | 2 |
_aMusée International du Carnaval et du Masque _927288 |
|
| 902 | _aGRL | ||
| 942 |
_2lcc _cB |
||
| 999 |
_c10372 _d10372 |
||